000 00636nam a2200217Ia 4500
005 20241129104248.0
008 241129s9999||||xx |||||||||||||| ||und||
020 _a978113830161
037 _aTextual
040 _aRTL
_beng
_cRTL
041 _aeng
_2eng
084 _aY15.2 R4
_qRTL
100 _aKumar Nita
_9237916
245 0 _aWomen,gender and History in India: Gender history around the global
_cKumar Nita
260 _aLondon
_bRoutledge
_c2024
300 _aviii,200p.
365 _aINR
_bRs.3812.06
650 _aHistory; Gender and space
_9725489
942 _cTB
_hY15.2 R4
999 _c1225119
_d1225119